000 00512nam a2200193 a 4500
001 17402
003 CO-ViMGA
008 141112s2004 ck r 000 u spa d
020 _a844780061X
040 _aCO-ViMGA
_bspa
_cCO-ViMGA
082 0 4 _aGUAc
100 1 _aGuareschi, Giovanni
_924715
245 1 0 _aEl caluroso verano de Gigino Malapeste
260 _aBarcelona (EspaƱa),
_cEl Arca,
_c1993
300 _a93.p.
490 _aTren de carga
650 1 4 _aNOVELA INFANTIL ITALIANA
_924716
942 _2ddc
_cBK
999 _c26943
_d26943